Statistics for Country Double Puzzle #2

Click here to take the quiz!

General Stats

  • This quiz has been taken 253 times
  • The average score is 64 of 70

Answer Stats

Answer% Correct
T
99%
A
98%
N
98%
Z
98%
A
97%
A
96%
I
96%
N
96%
A
94%
A
94%
A
94%
B
94%
B
94%
I
94%
I
94%
L
94%
M
94%
O
94%
O
94%
P
94%
A
94%
N
94%
T
94%
V
94%
A
93%
A
93%
B
93%
E
93%
E
93%
I
93%
N
93%
S
93%
L
93%
W
93%
Z
93%
B
92%
I
92%
I
92%
J
92%
O
92%
D
92%
T
92%
U
92%
I
89%
S
89%
A
88%
A
88%
A
88%
A
88%
A
88%
B
88%
C
88%
D
88%
G
88%
I
88%
I
88%
K
88%
M
88%
R
88%
R
88%
T
88%
A
85%
A
83%
B
83%
C
83%
D
83%
I
83%
M
83%
O
83%
Swaziland
67%

Score Distribution

Percentile by Number Answered

Percent of People with Each Score

Your Score History

You have not taken this quiz